| 000 | 00478nam a2200181Ia 4500 | ||
|---|---|---|---|
| 005 | 20250326124613.0 | ||
| 008 | 250326s9999 xx 000 0 und d | ||
| 037 | _aTextbook | ||
| 040 |
_aFMSL _beng _cFMSL |
||
| 041 |
_aeng _2eng |
||
| 084 |
_aX:8 L73 _qFMSL |
||
| 100 |
_aLopez F M _9736170 |
||
| 245 | 0 |
_aMaking of a manager _cLopez F M |
|
| 260 |
_aBombay _bBombay, Taraporevala _c1973 |
||
| 300 | _a291p | ||
| 942 |
_cTB _hX:8 L73 |
||
| 999 |
_c1274354 _d1274354 |
||